000 00448nam a2200181Ia 4500
001 2120
005 20260306143819.0
008 260306t2022||||xx |||||||||||||| ||spa||
041 _aESP
082 _a613.62
_bB83
100 _aBriceño-Ayala, Leonardo
_eAUT
245 0 _aMedicina preventiva, ocupacional y ambiental
260 _c2022
300 _axx, 542 páginas :
_c27 cm.
650 _aGEN
654 _aCCS
942 _cLIB
_dJUS
_fJUS
_2ddc
_n
999 _c2120
_d2120